Les invocations à la bonne année au Temple d'Edfou /

محفوظ في:

المؤلف الرئيسي: Germond, Philippe (مؤلف)

التنسيق: كتاب

اللغة: French
Ancient Egyptian

منشور في: Genève : Editions de Belles-Lettres, 1986.

سلاسل: Aegyptiaca Helvetica ; 11.
AegHelv ; 11.

الموضوعات:

الوسوم: إضافة وسم

لا توجد وسوم, كن أول من يضع وسما على هذه التسجيلة!

رقم الطلب: DT57 .A5 v.11

LEADER 00820namaa2200277 4500
001 12750
003 OSt
005 20250519083146.0
008 130303s1986 sz a b 001 0 fre d
010 |a 86211086 
040 |c ARCE Library 
041 0 |a fre  |a egy 
043 |a f-ua--- 
050 4 |a DT57 .A5 v.11 
100 1 |a Germond, Philippe,  |e author  |9 30614 
245 1 4 |a Les invocations à la bonne année au Temple d'Edfou /  |c Philippe Germond. 
264 1 |a Genève :  |b Editions de Belles-Lettres,  |c 1986. 
300 |a 108 pages :  |b illustrations ;  |c 30 cm. 
490 0 |a Aegyptiaca Helvetica ;   |v 11. 
490 0 |a AegHelv ;   |v 11. 
504 |a Includes bibliographical references and indexes. 
546 |a French and Egyptian. 
651 0 |a Egypt  |x Religion. 
901 |a reviewed 
942 |c BK  |2 lcc 
999 |c 12929  |d 12929